Ako volia Slováci : politický vývoj Slovenskej republiky v období 1989-2018 /

Main Author: Vlčej, Jozef, 1985-
Language: Slovak
Published: Brno : Tribun EU, 2018
Edition: 2. vydání
Series: Librix.sk
Subjects:
Physical Description: 172 stran : ilustrace, mapy ; 22 cm
Language note: Anglické resumé
Book
Saved in:
LEADER 02137nam a2200601 i 4500
001 nkc20193072310
003 CZ PrNK
005 20190304092015.0
007 ta
008 190123s2018 xr ab f 000 0 slo
015 |a cnb003072310 
020 |a 978-80-263-1503-2  |q (vázáno) 
035 |a (OCoLC)1089710358 
040 |a BOA001  |b cze  |e rda 
041 0 |a slo  |b eng 
043 |a e-xo--- 
045 |a x8y1 
072 7 |a 329  |x Politické strany a hnutí  |2 Konspekt  |9 15 
080 |a 329.1/.6  |2 MRF 
080 |a 324  |2 MRF 
080 |a 328/329  |2 MRF 
080 |a (437.6)  |2 MRF 
080 |a (048.8)  |2 MRF 
100 1 |a Vlčej, Jozef,  |d 1985-  |7 ola2016921339  |4 aut 
245 1 0 |a Ako volia Slováci :  |b politický vývoj Slovenskej republiky v období 1989-2018 /  |c Jozef Vlčej a kolektív 
246 3 0 |a Politický vývoj Slovenskej republiky v období 1989-2018 
250 |a 2. vydání 
264 1 |a Brno :  |b Tribun EU,  |c 2018 
300 |a 172 stran :  |b ilustrace, mapy ;  |c 22 cm 
336 |a text  |b txt  |2 rdacontent 
337 |a bez média  |b n  |2 rdamedia 
338 |a svazek  |b nc  |2 rdacarrier 
490 1 |a Librix.sk 
500 |a Terminologický slovník 
504 |a Obsahuje bibliografii a bibliografické odkazy 
546 |a Anglické resumé 
648 4 |a 1989-2018 
648 7 |a od 1989  |7 ch462156  |2 czenas 
650 0 7 |a politické strany  |7 ph115790  |z Slovensko  |y od 1989  |2 czenas 
650 0 7 |a volby  |7 ph116629  |z Slovensko  |y od 1989  |2 czenas 
650 0 9 |a political parties  |z Slovakia  |y 1989-  |2 eczenas 
650 0 9 |a elections  |z Slovakia  |y 1989-  |2 eczenas 
651 7 |a Slovensko  |7 ge128580  |x politika a vláda  |y od 1989  |2 czenas 
651 9 |a Slovakia  |x politics and government  |y 1989-  |2 eczenas 
655 7 |a monografie  |7 fd132842  |2 czenas 
655 9 |a monographs  |2 eczenas 
830 0 |a Librix.sk  |0 s 
910 2 |a BOA001  |b 2-1419.741 
990 |a BK 
995 |a 01 
991 |b 201902  |c NOV 
996 6 |b 2610768815  |c 2-1419.741  |l MZK  |r Sklad / do 1 hodiny  |n 0  |p p.v.  |w 001704859  |u 000010  |a 1  |e BOA001  |j MZK50  |s P 
996 7 |b 2610768816  |c 2-1419.741  |l MZK  |r Sklad / do 1 hodiny  |n 2  |p p.v.  |w 001704859  |u 000020  |a 1  |e BOA001  |j MZK50  |s A